| 000 | 00380nam a2200133Ia 4500 | ||
|---|---|---|---|
| 005 | 20251222154417.0 | ||
| 008 | 251222s9999||||xx |||||||||||||| ||spa|| | ||
| 020 | _a970-10-1899-0 | ||
| 082 | _a001.4/H45 | ||
| 100 | _a"Hernández Sampieri, RobertoFernández Collado, CarlosBaptista Lucio, Pilar" | ||
| 245 | 0 | _aMetodología de la investigación | |
| 250 | _a2a.ed. | ||
| 942 | _cLIB | ||
| 999 |
_c35898 _d35898 |
||